| 000 | 01107nac a22002771u 4500 | ||
|---|---|---|---|
| 010 | _a 96012856 | ||
| 020 | _a3540609164 (Berlin : hardcover : acid-free paper) | ||
| 082 | 0 | 0 |
_a628.168 _bGRO |
| 090 |
_c9640 _d9640 |
||
| 100 | _a20080729 | ||
| 245 | 0 | 0 |
_aGroundwater and subsurface remediation : _bresearch strategies for in-situ technologies / _cHelmut Kobus, Baldur Barczewski, Hans-Peter Koschitzky (Hrsg.). |
| 260 |
_aBerlin ; _aNew York : _bSpringer,c1996. _cc1996. |
||
| 300 |
_aix, 337 p. : _bill. (some col.), maps (some col.) ; _c24 cm. |
||
| 490 | 1 | _aEnvironmental engineering | |
| 500 | _aDistributer: Al-Ahram. | ||
| 504 | _aIncludes bibliographical references and index. | ||
| 511 | _aCatalogued By: Mahitab. | ||
| 650 | 0 |
_aGroundwater _xPurification. |
|
| 650 | 0 | _aSoil remediation. | |
| 650 | 0 | _aIn situ remediation. | |
| 700 | 1 | _aKobus, Helmut. | |
| 700 | 1 |
_aBarczewski, Baldur, _d1943- |
|
| 700 | 1 |
_aKoschitzky, Hans-Peter, _d1953- |
|
| 830 | 0 | _aEnvironmental engineering (Berlin, Germany) | |
| 942 |
_cBB _k628.168GRO |
||
| 999 |
_c9640 _d9640 |
||